Education and Modernisation of Child and Women/ (Record no. 213894)

MARC details
000 -LEADER
fixed length control field 00576nam a22001937a 4500
005 - DATE AND TIME OF LATEST TRANSACTION
control field 20251209120315.0
010 ## - LCCN (DPL NO)
LC control number ENG-147263
020 ## - INTERNATIONAL STANDARD BOOK NUMBER
International Standard Book Number 9789383546053
Terms of availability 500.00
035 ## - SYSTEM CONTROL NUMBER
System control number EN-130795
037 ## - SOURCE OF ACQUISITION
Source of stock number/acquisition DBAD
082 ## - DEWEY DECIMAL CLASSIFICATION NUMBER
Classification number 372
Edition number 1
100 ## - MAIN ENTRY--PERSONAL NAME
Personal name Chabra, Shikha
245 ## - TITLE STATEMENT
Title Education and Modernisation of Child and Women/
Statement of responsibility, etc Shikha Chabra
250 ## - EDITION STATEMENT
Edition statement 1
260 ## - PUBLICATION, DISTRIBUTION, ETC. (IMPRINT)
Place of publication, distribution, etc Guwahati
Name of publisher, distributor, etc Matri Publishers & Distributor
Date of publication, distribution, etc 2015
270 ## - ADDRESS
Address Opp. Brahmaputra Jute Mill A.K. Azad Road
City Guwahati
300 ## - PHYSICAL DESCRIPTION
Extent 224p.
Dimensions 22cm.(Hb)
942 ## - ADDED ENTRY ELEMENTS (KOHA)
Source of classification or shelving scheme Dewey Decimal Classification
Item type English Books
Classification part 372
Call number suffix CHA
Holdings
Withdrawn status Lost status Not for loan Collection code Home library Current library Date acquired Source of acquisition Cost, normal purchase price Full call number Barcode Copy number Cost, replacement price Koha item type
    Not For Loan Non-fiction Bawana Bawana 09/12/2025 Delivery of Books Act Division 500.00 372 CHA EN-130795 1 500.00 English Books

© Delhi Public Library
Hit Counter
free hit counter